Bent

Đã lưu trong:
Chi tiết về thư mục
Tác giả chính: Sherman, Martin
Định dạng: Sách
Ngôn ngữ:Tiếng Anh
Được phát hành: Amber Lane Press 1979
Các nhãn: Thêm thẻ
Không có thẻ, Là người đầu tiên thẻ bản ghi này!

MARC

LEADER 00000nam a2200000 4500
005 20240918183100.0
008 240731b |||||||| |||| 00| 0 eng d
020 |a 978-0906399095 
040 |c GP 
100 |a Sherman, Martin 
245 |a Bent 
260 |b Amber Lane Press  |c 1979 
942 |2 ddc  |c BK  |n 0 
952 |0 0  |1 0  |2 ddc  |4 0  |6 9405318_000000000000000_SHE  |7 1  |9 1751  |a RM  |b RM  |d 2024-07-31  |l 0  |o 9405318 SHE  |p 558  |r 2024-07-31 18:53:10  |w 2024-07-31  |y BK 
999 |c 1567  |d 1567